Matematik Tahun 4.5.6 : Doris Liew

Bibliographic Details
Main Author: Liew, Doris
Format: Book
Published: Petaling Jaya : Sabsadi Sdn.Bhd. , 1996
Series:Bantuan studi lengkap UPSR

MARC

LEADER 00000cam a2200000 7i4500
001 0000007269
002 000007820
005 20000330.0
020 |a 9830294579 
090 0 0 |a 510   |b LIE 
100 1 |a Liew, Doris 
245 1 0 |a Matematik Tahun 4.5.6 :   |b Doris Liew 
260 |a Petaling Jaya :   |b Sabsadi Sdn.Bhd. ,   |c 1996 
300 |a 155p. :   |b il ;   |c 26cm. 
490 0 |a Bantuan studi lengkap UPSR 
999 |a 055133   |b BUKU   |c PINJAMAN   |e PERPUSTAKAAN KOMUNITI CAW KOTA DAMANSARA 
999 |a 055134   |b BUKU   |c PINJAMAN   |e PERPUSTAKAAN KOMUNITI CAW KOTA DAMANSARA